000 00922nam a2200229Ia 4500
003 IN-BaIIA
008 211028s9999 xx s 000 0 eng d
020 _a978-1-107-19234-8 (Print)
022 _a1743-9213 (Print)
022 _a1743-9221 (Online)
040 _cIIA Library
100 _aChiappinni, C., ed.
_940719
245 0 _aRediscovering our Galaxy
_h[eBook]
260 _aCambridge
_bCambridge University Press
_c2018
300 _aOnline resource
490 _aIAU Symposium; no. 334
700 _aMinchev, I., ed.
_940720
700 _aStarkenburg, E., ed.
_940721
700 _aValentini, M., ed.
_940722
856 _uhttps://www.cambridge.org/core/journals/proceedings-of-the-international-astronomical-union/issue/rediscovering-our-galaxy/227E9C3424584AD160E2E623E7FD4497
_yClick Here to Access eBook
942 _cEB
999 _c22043
_d22043